00583nam a22001937a 450000500170000001000130001702000220003003500130005203700160006504000120008108200150009310000270010824500650013526000370020027000440023730000230028150000610030465000240036520170124110158.0 aA-845968 c00.00a8170187435 aA-845968 bCen Lib/Ret aDPLbEN a181.4bBAN aBanerji, Sures Chandra aA companion to Indian philosophy /cby Sures Chandra Banerji aDelhibB.R publishng housec1996 bDelhia1, Ansari road Daryaganje110002 avi,496p.c21cm(Hb) aIncludes glossary, bibliographical references and index  aPhilosophy zIndia